[Event "Miedzynarodowe Szachowe Lato w Poznaniu "]
[Site "Wyzsza Szkola Umiejetnosci Spo"]
[Date "2012.??.21"]
[Round "8.1"]
[White "Meczynski, Waldemar"]
[Black "Malaniuk, Vladimir"]
[Result "0-1"]
[WhiteElo "2153"]
[BlackElo "2508"]
[PlyCount "69"]
[EventDate "2012.??.??"]

1. e4 e5 2. Nf3 Nc6 3. Bb5 a6 4. Ba4 Nf6 5. O-O Bc5 6. c3 b5 7. Bb3 d6 8. d4
Bb6 9. h3 O-O 10. Re1 Bb7 11. Bg5 h6 12. Bh4 Re8 13. d5 Na5 14. Bc2 g5 15. Nxg5
hxg5 16. Bxg5 Kg7 17. Qf3 Rh8 18. Nd2 Rh6 19. Bxh6+ Kxh6 20. Nf1 Kg7 21. Ne3
Qh8 22. Nf5+ Kf8 23. g4 Ng8 24. Bd3 Ne7 25. b4 Nc4 26. Bxc4 bxc4 27. Nxe7 Kxe7
28. a4 Rg8 29. a5 Ba7 30. Kh2 Qh4 31. Ra2 Bc8 32. Rg1 Rg6 33. Qe2 Rf6 34. Rg2
Bd7 35. Rd2 0-1

[Event "Miedzynarodowe Szachowe Lato w Poznaniu "]
[Site "Wyzsza Szkola Umiejetnosci Spo"]
[Date "2012.??.??"]
[Round "8.2"]
[White "Plichta, Kamil"]
[Black "Choroszej, Aleksander"]
[Result "0-1"]
[WhiteElo "2189"]
[BlackElo "2085"]
[PlyCount "81"]
[EventDate "2012.??.??"]

1. Nf3 g6 2. c4 Bg7 3. g3 d6 4. Bg2 e5 5. d3 f5 6. O-O Nf6 7. Nc3 O-O 8. Rb1 a5
9. a3 c6 10. b4 axb4 11. axb4 Qe7 12. b5 Kh8 13. Ne1 Be6 14. Qb3 d5 15. bxc6
bxc6 16. cxd5 cxd5 17. Bg5 Ra3 18. Qxb8 Rxb8 19. Rxb8+ Bg8 20. Bxf6 Qxf6 21.
Nxd5 Qd6 22. Rc8 Ra5 23. Nc2 Rc5 24. Rxc5 Qxc5 25. Ncb4 Bf8 26. e4 Qb5 27. Na2
Qxd3 28. Nac3 Bc5 29. Nd1 Bxd5 30. exd5 e4 31. h4 Qxg3 32. d6 Qxd6 33. h5 Qd2
34. hxg6 hxg6 35. Bh3 Kg7 36. Ne3 Bxe3 37. fxe3 Qxe3+ 38. Kg2 f4 39. Bc8 Qg3+
40. Kh1 f3 41. Rg1 0-1

[Event "Miedzynarodowe Szachowe Lato w Poznaniu "]
[Site "Wyzsza Szkola Umiejetnosci Spo"]
[Date "2012.??.21"]
[Round "8.3"]
[White "Andrzejewska, Anna"]
[Black "Bajerlein, Dawid"]
[Result "1-0"]
[WhiteElo "1980"]
[BlackElo "2048"]
[PlyCount "99"]
[EventDate "2012.??.??"]

1. e4 c6 2. d4 d5 3. Nc3 dxe4 4. Nxe4 Bf5 5. Ng3 Bg6 6. h4 h6 7. f4 e6 8. Nf3
Nd7 9. h5 Bh7 10. Bd3 Bxd3 11. Qxd3 Ngf6 12. Bd2 Qc7 13. Ne5 c5 14. O-O-O cxd4
15. Qxd4 Bc5 16. Qc4 O-O 17. Nxd7 Nxd7 18. Ne4 Rfc8 19. g4 b5 20. Qd3 b4 21. g5
hxg5 22. h6 g6 23. Qxd7 Qxd7 24. Nf6+ Kh8 25. Nxd7 gxf4 26. Bxf4 Be7 27. Be5+
Kh7 28. Nf6+ Bxf6 29. Bxf6 Rc5 30. Rd7 Rh5 31. Rxf7+ Kxh6 32. Bg7+ Kh7 33. Bd4+
Kh6 34. Rg1 Rg8 35. Rxa7 g5 36. Re7 Rh4 37. Rxe6+ Kh5 38. Be3 Rh3 39. Re5 Rf3
40. Rexg5+ Rxg5 41. Bxg5 Kg6 42. Bd2+ Kf5 43. Bxb4 Ke5 44. Rd1 Rf2 45. a4 Ke6
46. a5 Rf7 47. a6 Ra7 48. Rd6+ Ke5 49. Bc5 Ra8 50. b4 1-0

[Event "Miedzynarodowe Szachowe Lato w Poznaniu "]
[Site "Wyzsza Szkola Umiejetnosci Spo"]
[Date "2012.??.??"]
[Round "8.4"]
[White "Bednarska-bzdega, Malgorzata"]
[Black "Zakrzewski, Marek"]
[Result "1-0"]
[WhiteElo "2138"]
[BlackElo "2112"]
[PlyCount "73"]
[EventDate "2012.??.??"]

1. e4 e5 2. Nf3 Nc6 3. Bb5 f5 4. Nc3 fxe4 5. Nxe4 d5 6. Nxe5 dxe4 7. Nxc6 Qg5
8. Qe2 Nf6 9. f4 Qxf4 10. Nxa7+ Kd8 11. Nxc8 Kxc8 12. d4 Qd6 13. Be3 Qb6 14.
O-O c6 15. Bc4 Bd6 16. Be6+ Kb8 17. c4 Qc7 18. g3 Qe7 19. Bh3 h6 20. Kh1 g5 21.
Rf5 Qg7 22. Raf1 Be7 23. b4 Ra3 24. b5 Kc7 25. bxc6 bxc6 26. d5 Rd3 27. d6+
Rxd6 28. Bc5 Re6 29. Bxe7 Qxe7 30. Ra5 Kb6 31. Ra4 g4 32. Qb2+ Kc5 33. Qa3+ Kd4
34. c5+ Kd5 35. Qb3+ Kxc5 36. Qb4+ Kd5 37. Qd4# 1-0

[Event "Miedzynarodowe Szachowe Lato w Poznaniu "]
[Site "Wyzsza Szkola Umiejetnosci Spo"]
[Date "2012.??.21"]
[Round "8.5"]
[White "Gospodarczyk, Roman"]
[Black "Stachowiak, Slawomir"]
[Result "1/2-1/2"]
[WhiteElo "1951"]
[BlackElo "2026"]
[PlyCount "82"]
[EventDate "2012.??.??"]

1. e4 e5 2. Nf3 Nc6 3. Bc4 Be7 4. d4 d6 5. Nc3 Nf6 6. h3 O-O 7. O-O a6 8. a4
Rb8 9. Be3 Qe8 10. Qe2 Bd8 11. dxe5 Nxe5 12. Nxe5 Qxe5 13. f4 Qe8 14. Ba7 Ra8
15. Bd4 Be6 16. Bd3 c6 17. g4 h6 18. e5 dxe5 19. Qxe5 Qd7 20. Ne4 Bd5 21. Nc5
Qc8 22. Bf5 Qb8 23. Qxb8 Rxb8 24. Bxf6 Bxf6 25. Nd7 Bxb2 26. Rae1 Bc3 27. Rd1
Rbe8 28. Nxf8 Kxf8 29. Kf2 g6 30. Bd3 Bd4+ 31. Kg3 Re3+ 32. Kh2 Bc3 33. Rf2 g5
34. Re2 Rf3 35. Be4 Bxe4 36. Rxe4 Rf2+ 37. Kg3 Rxc2 38. Rd8+ Kg7 39. fxg5 hxg5
40. Rd7 b5 41. axb5 cxb5 1/2-1/2

[Event "Miedzynarodowe Szachowe Lato w Poznaniu "]
[Site "Wyzsza Szkola Umiejetnosci Spo"]
[Date "2012.??.??"]
[Round "8.6"]
[White "Rozumek, Krzysztof"]
[Black "Kaluzny, Wlodzimierz"]
[Result "1/2-1/2"]
[WhiteElo "1945"]
[BlackElo "2006"]
[PlyCount "43"]
[EventDate "2012.??.??"]

1. h3 d5 2. c3 e6 3. d4 f5 4. Bf4 Bd6 5. Bxd6 Qxd6 6. e3 Nf6 7. Qa4+ c6 8. Qa3
Qxa3 9. Nxa3 Nbd7 10. Nf3 O-O 11. c4 Ne4 12. Bd3 h6 13. h4 Ndf6 14. Ne5 Nd7 15.
Ng6 Re8 16. f4 Nf8 17. Ne5 Nd7 18. Ng6 Nf8 19. Ne5 Nd7 20. Ng6 Nf8 21. Ne5 Nd7
22. Ng6 1/2-1/2

[Event "Miedzynarodowe Szachowe Lato w Poznaniu "]
[Site "Wyzsza Szkola Umiejetnosci Spo"]
[Date "2012.??.21"]
[Round "8.7"]
[White "Hemmerling, Jaroslaw"]
[Black "Glatty, Zbigniew"]
[Result "1/2-1/2"]
[WhiteElo "1964"]
[BlackElo "1929"]
[PlyCount "69"]
[EventDate "2012.??.??"]

1. c4 Nf6 2. Nc3 e6 3. e4 d5 4. e5 d4 5. exf6 dxc3 6. fxg7 cxd2+ 7. Bxd2 Bxg7
8. Qc2 Nc6 9. Nf3 Nd4 10. Nxd4 Bxd4 11. Bc3 c5 12. Bxd4 Qxd4 13. Bd3 Qe5+ 14.
Qe2 Qxe2+ 15. Kxe2 e5 16. Rhe1 f6 17. f4 exf4 18. Kf3+ Kf7 19. Be4 Be6 20. b3
Rab8 21. Kxf4 b6 22. Bf3 Rbd8 23. Bh5+ Ke7 24. Rad1 Rxd1 25. Rxd1 Rg8 26. Bf3
Rg5 27. g4 Re5 28. h4 h6 29. Rd2 Re1 30. Re2 Rf1 31. Kg3 Kd6 32. Rd2+ Ke7 33.
Re2 Kd6 34. Rd2+ Ke7 35. Re2 1/2-1/2

[Event "Miedzynarodowe Szachowe Lato w Poznaniu "]
[Site "Wyzsza Szkola Umiejetnosci Spo"]
[Date "2012.??.21"]
[Round "8.8"]
[White "Gajzner, Ryszard"]
[Black "Szczepaniak, Artur"]
[Result "0-1"]
[WhiteElo "1738"]
[BlackElo "1641"]
[PlyCount "90"]
[EventDate "2012.??.??"]

1. Nf3 Nf6 2. c4 g6 3. g3 Bg7 4. Bg2 O-O 5. Nc3 d6 6. O-O e5 7. d3 c6 8. Bg5 h6
9. Bd2 Kh7 10. Rb1 Qe7 11. b4 d5 12. Qc2 d4 13. Ne4 Nxe4 14. dxe4 f5 15. Ne1
Qf7 16. f4 fxe4 17. Bxe4 Bf5 18. Bxf5 Qxf5 19. Qxf5 Rxf5 20. g4 Rf8 21. fxe5
Rxf1+ 22. Kxf1 Bxe5 23. Nf3 Nd7 24. h3 Rf8 25. Kg2 Bg7 26. Rd1 Nb6 27. Rc1 Re8
28. Kf1 Na4 29. Rc2 c5 30. a3 g5 31. h4 gxh4 32. Nxh4 Re4 33. Nf5 Rxg4 34. Nd6
b6 35. b5 Be5 36. Nc8 Bb8 37. Ne7 Bf4 38. Nc6 Bxd2 39. Rxd2 Rg7 40. Kf2 Nc3 41.
Rd3 Ne4+ 42. Kf3 Nd6 43. Ne5 Rg5 44. Nc6 Nxc4 45. Kf4 Ne3 0-1

[Event "Miedzynarodowe Szachowe Lato w Poznaniu "]
[Site "Wyzsza Szkola Umiejetnosci Spo"]
[Date "2012.??.21"]
[Round "8.10"]
[White "Nowak, Mikolaj"]
[Black "Dzwikowski, Adam"]
[Result "0-1"]
[WhiteElo "1572"]
[BlackElo "2008"]
[PlyCount "142"]
[EventDate "2012.??.??"]

1. e4 d6 2. d4 e5 3. dxe5 dxe5 4. Qxd8+ Kxd8 5. Bc4 f6 6. Be3 c6 7. Nf3 Nd7 8.
Nbd2 g5 9. h3 Kc7 10. O-O-O b5 11. Be6 Bc5 12. Bxd7 Bxe3 13. Bxc8 Bxd2+ 14.
Rxd2 Rxc8 15. Rhd1 h5 16. Nh2 Rh7 17. f3 Rf8 18. Nf1 f5 19. exf5 Rxf5 20. Ng3
Rf4 21. Re1 g4 22. Ne2 Rf8 23. hxg4 hxg4 24. fxg4 Nf6 25. Rf1 Rhf7 26. g5 Ne4
27. Rxf7+ Rxf7 28. Rd1 Rf2 29. Re1 Rxg2 30. Nd4 Rg4 31. Nf3 Kd6 32. g6 Kd5 33.
b3 b4 34. Rd1+ Ke6 35. Re1 Kf5 36. Rf1 Ke6 37. Re1 Kf5 38. Rf1 Rf4 39. g7 Nf6
40. Kd2 Ke6 41. Ke2 Rg4 42. Re1 Rxg7 43. Kd3 Nd7 44. Nd4+ Kd5 45. Nf5 Nc5+ 46.
Ke3 Rd7 47. Ng3 Rh7 48. Rd1+ Ke6 49. Kf3 Rh2 50. Ne2 Nb7 51. Re1 a5 52. Kg3 Rh8
53. Nd4+ Kd5 54. Nf3 Rg8+ 55. Kf2 Re8 56. Rd1+ Kc5 57. Ke3 Nd6 58. Rd2 Nb5 59.
Rd1 Nc3 60. Rg1 Kd5 61. a3 c5 62. Nd2 Rh8 63. Nc4 Rh3+ 64. Kd2 Rh2+ 65. Ke3
Re2+ 66. Kf3 e4+ 67. Kf4 Rf2+ 68. Ke3 Rf3+ 69. Kd2 Kd4 70. Rg4 Rf1 71. Ne3 Rf2+
0-1

[Event "Miedzynarodowe Szachowe Lato w Poznaniu "]
[Site "Wyzsza Szkola Umiejetnosci Spo"]
[Date "2012.??.??"]
[Round "8.12"]
[White "Kaczmarek, Piotr"]
[Black "Kozlowska, Marzena"]
[Result "1/2-1/2"]
[WhiteElo "1832"]
[BlackElo "1920"]
[PlyCount "96"]
[EventDate "2012.??.??"]

1. c4 Nf6 2. Nc3 d5 3. cxd5 Nxd5 4. g3 g6 5. Bg2 Nxc3 6. bxc3 Bg7 7. Qb3 c6 8.
d4 O-O 9. Nf3 Nd7 10. Ba3 Re8 11. Ng5 Rf8 12. O-O h6 13. Ne4 Kh7 14. e3 f5 15.
Nd2 Re8 16. Rab1 Rb8 17. h4 Nf8 18. Qc2 Be6 19. Nb3 Bd5 20. h5 Bxg2 21. hxg6+
Nxg6 22. Kxg2 Qd5+ 23. f3 Bf6 24. Nc5 Rg8 25. Kf2 b6 26. Nd3 Rg7 27. Rg1 Rbg8
28. Qb3 Qd7 29. f4 c5 30. Rbd1 cxd4 31. cxd4 Rc8 32. Rc1 Rd8 33. Qc4 Rgg8 34.
Qc6 Qd5 35. Qxd5 Rxd5 36. Rc2 Rgd8 37. Rgc1 Ra5 38. Bb4 Rad5 39. Bd2 Bxd4 40.
Nb4 Bb2 41. Nxd5 Bxc1 42. Nf6+ exf6 43. Rc7+ Kg8 44. Bxc1 a5 45. Rc6 Rd1 46.
Ke2 Rg1 47. Kf2 Rd1 48. Ke2 Rg1 1/2-1/2

[Event "Miedzynarodowe Szachowe Lato w Poznaniu "]
[Site "Wyzsza Szkola Umiejetnosci Spo"]
[Date "2012.??.??"]
[Round "8.13"]
[White "Chojnacki, Tomasz"]
[Black "Adamczyk, Wieslaw"]
[Result "1-0"]
[WhiteElo "1889"]
[BlackElo "1605"]
[PlyCount "57"]
[EventDate "2012.??.??"]

1. e4 c6 2. d4 d5 3. exd5 cxd5 4. c4 Nf6 5. Nc3 g6 6. Nf3 Bg7 7. cxd5 O-O 8.
Bc4 Nbd7 9. O-O Nb6 10. Bb3 Nbxd5 11. Re1 b6 12. Bg5 Bb7 13. Qd3 e6 14. Ne5
Nxc3 15. bxc3 Qc7 16. Rac1 Rfe8 17. Qh3 Bd5 18. c4 Bb7 19. Qh4 Nd7 20. Ba4 f6
21. Nxd7 fxg5 22. Qxg5 Bc6 23. Bxc6 Qxc6 24. Nf6+ Bxf6 25. Qxf6 Rac8 26. Re3
Rc7 27. d5 Rf7 28. Qxf7+ Kxf7 29. dxc6 1-0

[Event "Miedzynarodowe Szachowe Lato w Poznaniu "]
[Site "Wyzsza Szkola Umiejetnosci Spo"]
[Date "2012.??.21"]
[Round "8.15"]
[White "Zakrzewski, Bartosz"]
[Black "Hoffmann, Piotr"]
[Result "0-1"]
[WhiteElo "1545"]
[BlackElo "1726"]
[PlyCount "135"]
[EventDate "2012.??.??"]

1. e4 e5 2. Nf3 Nc6 3. d4 exd4 4. Nxd4 d6 5. Nc3 Nf6 6. Be3 Be7 7. Qd2 O-O 8.
O-O-O a6 9. Kb1 Nxd4 10. Bxd4 b5 11. Bd3 c5 12. Bxf6 Bxf6 13. Nd5 Bb7 14. g4
Bxd5 15. exd5 g6 16. h4 Bg7 17. g5 c4 18. Be2 Qd7 19. Rde1 Qc8 20. c3 Qf5+ 21.
Ka1 Rfe8 22. Bd1 a5 23. Bc2 Qd7 24. Rxe8+ Rxe8 25. Re1 Re7 26. Rxe7 Qxe7 27.
Qe3 Qxe3 28. fxe3 Be5 29. Bd1 Bg3 30. h5 Bf2 31. e4 Be3 32. hxg6 hxg6 33. a4 b4
34. Be2 bxc3 35. bxc3 Bxg5 36. Bxc4 Kg7 37. Kb2 Kf6 38. Bd3 Ke5 39. Bb1 Be3 40.
Kb3 g5 41. Kc4 g4 42. Bd3 g3 43. Bf1 Kxe4 44. Bg2+ Kf4 45. Kd3 Bc5 46. Ke2 f5
47. Bf3 Ba3 48. Bg2 Bb2 49. c4 Ke5 50. Kd3 Kf6 51. Ke2 Ke7 52. Kd3 Kd7 53. c5
dxc5 54. Kc4 Ba3 55. Kb5 Bb4 56. Bf3 Ke7 57. Kc4 Kd6 58. Kd3 Ke5 59. Bg2 Kf4
60. Bh1 Kg4 61. Bg2 f4 62. Ke4 c4 63. Bf3+ Kh3 64. Kxf4 g2 65. Bxg2+ Kxg2 66.
Ke3 Bc5+ 67. Ke2 Kg3 68. Kd2 0-1

[Event "Miedzynarodowe Szachowe Lato w Poznaniu "]
[Site "Wyzsza Szkola Umiejetnosci Spo"]
[Date "2012.??.??"]
[Round "8.16"]
[White "Kupsik, Joanna"]
[Black "Trzeciakiewicz, Michal"]
[Result "1-0"]
[WhiteElo "1683"]
[BlackElo "1498"]
[PlyCount "65"]
[EventDate "2012.??.??"]

1. h3 e5 2. e4 Nf6 3. d3 Bc5 4. Nf3 Nc6 5. Be2 h6 6. Nc3 d5 7. exd5 Nxd5 8. Bd2
Be6 9. a3 a5 10. b4 Ba7 11. O-O f5 12. Re1 O-O 13. Bf1 Qf6 14. Qe2 Nd4 15. Nxd4
Bxd4 16. Nxd5 Bxd5 17. c3 Ba7 18. Qxe5 Qc6 19. c4 Bf7 20. Bc3 Qg6 21. Qxc7 f4
22. Qxb7 f3 23. c5 Bb8 24. Qxf3 Be6 25. Qc6 Re8 26. Re4 Ra7 27. Rg4 Qh5 28. Re1
Rae7 29. Rxg7+ Rxg7 30. Bxg7 Kxg7 31. Rxe6 Rf8 32. Re7+ Kh8 33. Qe4 1-0

[Event "Miedzynarodowe Szachowe Lato w Poznaniu "]
[Site "Wyzsza Szkola Umiejetnosci Spo"]
[Date "2012.??.??"]
[Round "8.17"]
[White "Pawlowski, Rafal"]
[Black "Leszczynski, Hubert"]
[Result "1-0"]
[WhiteElo "1507"]
[BlackElo "1846"]
[PlyCount "73"]
[EventDate "2012.??.??"]

1. e4 c6 2. d4 d5 3. Nc3 dxe4 4. Nxe4 Nd7 5. Nf3 Ngf6 6. Nxf6+ Nxf6 7. h3 Bf5
8. Ne5 e6 9. g4 Be4 10. f3 Bg6 11. h4 h6 12. Nxg6 fxg6 13. g5 Nd7 14. Qd3 Qa5+
15. Bd2 Qf5 16. Qb3 Nb6 17. Bh3 Qd5 18. Bxe6 Qxb3 19. axb3 Ke7 20. Bc4 Nxc4 21.
bxc4 Kd7 22. d5 Bd6 23. O-O-O Rhf8 24. Bc3 Rae8 25. dxc6+ Kxc6 26. Rxd6+ Kxd6
27. Bb4+ Ke5 28. Bxf8 Rxf8 29. Re1+ Kf4 30. c5 Rf7 31. b4 Kg3 32. Re4 Kxf3 33.
Rc4 Ke3 34. b5 a6 35. bxa6 bxa6 36. c6 Rc7 37. Kb2 1-0

[Event "Miedzynarodowe Szachowe Lato w Poznaniu "]
[Site "Wyzsza Szkola Umiejetnosci Spo"]
[Date "2012.??.21"]
[Round "8.21"]
[White "Szymanski, Leszek"]
[Black "Gajewski, Wojciech"]
[Result "1-0"]
[WhiteElo "1798"]
[BlackElo "1491"]
[PlyCount "118"]
[EventDate "2012.??.??"]

1. b4 d5 2. Bb2 Qd6 3. a3 e5 4. d3 Nf6 5. Nf3 Nbd7 6. e3 g6 7. Be2 Bg7 8. O-O
O-O 9. h3 b6 10. c4 c6 11. Nbd2 Bb7 12. Nb3 Rfe8 13. Rc1 Rab8 14. Rc2 Qe7 15.
Qa1 dxc4 16. dxc4 c5 17. b5 e4 18. Nh2 Ne5 19. Rd2 Nfd7 20. Rfd1 f5 21. Rxd7
Nxd7 22. Bxg7 Ne5 23. Bxe5 Qxe5 24. Qxe5 Rxe5 25. Rd7 Ree8 26. Kf1 Rbd8 27.
Rxd8 Rxd8 28. Ke1 Kf7 29. Nf1 a6 30. a4 axb5 31. axb5 Ra8 32. f3 exf3 33. Bxf3
Bxf3 34. gxf3 Kf6 35. f4 g5 36. Kf2 gxf4 37. exf4 Ra3 38. Nbd2 Kg6 39. Kg2 Ra2
40. Kg3 Kh5 41. Nf3 Rc2 42. N1d2 Rc3 43. Kg2 h6 44. Kf2 Kg6 45. Ne5+ Kg7 46.
Ndf3 Kf6 47. Nd7+ Ke7 48. Nxb6 Kd6 49. h4 Rc2+ 50. Ke3 Kc7 51. Nd5+ Kd6 52. Ne5
Rh2 53. Nf7+ Kd7 54. h5 Kc8 55. Ne7+ Kc7 56. Nxh6 Rxh5 57. Nhxf5 Rh3+ 58. Ke4
Kb6 59. Ne3 Rh7 1-0

[Event "Miedzynarodowe Szachowe Lato w Poznaniu "]
[Site "Wyzsza Szkola Umiejetnosci Spo"]
[Date "2012.??.21"]
[Round "8.22"]
[White "Okonek, Wojciech"]
[Black "Zielewicz, Piotr"]
[Result "1-0"]
[WhiteElo "1541"]
[BlackElo "1755"]
[PlyCount "75"]
[EventDate "2012.??.??"]

1. c4 c5 2. Nc3 Nf6 3. g3 Nc6 4. Bg2 g6 5. Nf3 Bg7 6. d4 cxd4 7. Nxd4 Qb6 8.
Nxc6 dxc6 9. O-O Be6 10. b3 Rd8 11. Qc2 O-O 12. Bb2 Rd7 13. Rad1 Rfd8 14. Rxd7
Rxd7 15. Rd1 Qd8 16. Rxd7 Qxd7 17. Qd1 Qxd1+ 18. Nxd1 Nd7 19. Bxg7 Kxg7 20. Nc3
f5 21. f4 Nc5 22. Kf2 a5 23. Ke3 Kf6 24. Kd4 Nd7 25. e4 g5 26. e5+ Kg6 27. Na4
gxf4 28. gxf4 Kh5 29. Bf3+ Kh4 30. Nc5 Nxc5 31. Kxc5 Kh3 32. Kb6 a4 33. Kxb7
axb3 34. axb3 Kxh2 35. Kxc6 Kg3 36. Bd5 Bc8 37. Kc7 Ba6 38. b4 1-0

[Event "Miedzynarodowe Szachowe Lato w Poznaniu "]
[Site "Wyzsza Szkola Umiejetnosci Spo"]
[Date "2012.??.??"]
[Round "8.23"]
[White "Chojnacki, Wojciech"]
[Black "Bladoszewski, Kamil"]
[Result "1/2-1/2"]
[WhiteElo "1545"]
[BlackElo "1416"]
[PlyCount "44"]
[EventDate "2012.??.??"]

1. e4 c5 2. Nf3 Nc6 3. d4 cxd4 4. Nxd4 g6 5. Nc3 Bg7 6. Nb3 Nf6 7. Bd3 O-O 8.
O-O d6 9. Be3 Be6 10. Nd5 Nxd5 11. exd5 Bxd5 12. Bxg6 Bxb3 13. Bxh7+ Kxh7 14.
Qh5+ Kg8 15. axb3 e6 16. Ra4 f5 17. Rh4 Qf6 18. Bg5 Qxb2 19. Qh7+ Kf7 20. Qh5+
Kg8 21. Qh7+ Kf7 22. Qh5+ Kg8 1/2-1/2

[Event "Miedzynarodowe Szachowe Lato w Poznaniu "]
[Site "Wyzsza Szkola Umiejetnosci Spo"]
[Date "2012.??.??"]
[Round "8.24"]
[White "Szymenderski, Michal"]
[Black "Wittig, Zenon"]
[Result "0-1"]
[WhiteElo "1540"]
[BlackElo "1590"]
[PlyCount "48"]
[EventDate "2012.??.??"]

1. e4 e5 2. f4 Bc5 3. Nf3 d6 4. h3 Nf6 5. Nc3 h6 6. Bc4 Be6 7. Bxe6 fxe6 8. d3
exf4 9. Bxf4 e5 10. Bg5 O-O 11. Qe2 Qe8 12. O-O-O c6 13. g4 Qe6 14. a3 b5 15.
Rhf1 Nbd7 16. Nh4 a5 17. Be3 b4 18. Bxc5 bxc3 19. Be3 cxb2+ 20. Kd2 Qa2 21. g5
Ne8 22. Qh5 Rxf1 23. Rxf1 b1=Q 24. Qf7+ Qxf7 0-1

[Event "Miedzynarodowe Szachowe Lato w Poznaniu "]
[Site "Wyzsza Szkola Umiejetnosci Spo"]
[Date "2012.??.??"]
[Round "8.28"]
[White "Stoklosa, Stanislaw"]
[Black "Piasecki, Andrzej"]
[Result "1/2-1/2"]
[WhiteElo "1318"]
[BlackElo "1322"]
[PlyCount "60"]
[EventDate "2012.??.??"]

1. e4 a6 2. Nc3 b5 3. Nf3 Bb7 4. d4 e6 5. Bd3 c5 6. O-O c4 7. Be2 Nf6 8. Bg5
Be7 9. Bxf6 Bxf6 10. Qd2 d5 11. e5 Be7 12. Nd1 h6 13. c3 g5 14. Ne3 h5 15. Ne1
Nd7 16. g3 f5 17. f4 g4 18. N1g2 h4 19. Ne1 hxg3 20. hxg3 Bh4 21. gxh4 Qxh4 22.
N1g2 Qh1+ 23. Kf2 Qh6 24. Ke1 O-O-O 25. b4 Qg7 26. a4 bxa4 27. Rxa4 Rh2 28. Qa2
Rdh8 29. Kd2 Rh1 30. Rxh1 Rxh1 1/2-1/2